[Event "UKR-ch KO 74th"]
[Site "Rivne"]
[Date "2005.08.28"]
[Round "3.1"]
[White "Kruppa, Yuri"]
[Black "Neverov, Valeriy"]
[Result "1/2-1/2"]
[WhiteElo "2525"]
[BlackElo "2572"]
[Annotator "Marin,M"]
[PlyCount "49"]
[EventDate "2005.08.24"]
[EventType "k.o."]
[EventRounds "5"]
[EventCountry "UKR"]
[SourceTitle "CBM 109"]
[Source "ChessBase"]
[SourceDate "2005.11.14"]
[SourceVersion "1"]
[SourceVersionDate "2005.11.14"]
[SourceQuality "1"]

1. d4 d5 2. c4 e6 3. Nc3 Be7 4. cxd5 exd5 5. Bf4 Nf6 6. e3 Bf5 {This is a
rather provocative move, aiming to prevent the natural development of the
white pieces, starting with Bd3, h3, Nf3.} 7. Qb3 {The typical reaction. White
immediately attacks the just weakened b7-pawn. The absence of the move ...c6
makes the desirably reaction ...Qb6 impossible.} Nc6 {Black defends the pawn
by indirect means.} ({Obviously,} 7... b6 $2 {would weaken too much the queen
side, especially that the bishop has already been developed to f5.}) 8. a3 {
White shows that he is content with the partial success obtained so far,
namely provoking the development of the black knight to a rather unnatural
square for this stucture. With his last move, he renews the threat against the
b7-pawn and clears the a2-square for the queen, in view of Black's predictable
answer.} (8. Qxb7 Nb4 9. Bb5+ Kf8 {is considered to be too risky for White.})
8... Na5 9. Qa2 O-O 10. Nf3 {The first phase of mobilisation for both sides
has been completed. The final evaluation of the position depends on Black's
ability to generate some queen side counterplay; otherwise, the whole knight
manoeuvre would result just in considerable loss of time. It is curious that
some 15 ago theory relied mainly on a game played by Kruppa as Black,
evaluating the position as about equal. Now, we see Kruppa defending the point
of view of the other side.} a6 $5 $146 {This move has not been tried before.
Its idea seems to be to make a generally useful move in order to wait for
White to declare his intentions.} ({The immediate} 10... c5 {fails to solve
Black's problems:} 11. dxc5 (11. Be2 c4 $13 {1-0 Shirov,A (2380)-Goldin,A 
(2530)/Klaipeda 1988/CBM 011 (57)}) 11... Bxc5 {However, the normal
development with} 12. Be2 ({The hurried} 12. b4 $6 {looks a bit premature,
since White's development is incomplete:} Bb6 $1 13. Be5 $1 (13. bxa5 Bxa5 14.
Rc1 Ne4 15. Be5 Rc8 16. Qb3 Nxc3 17. Bxc3 Rxc3 18. Rxc3 Qc7 $19) 13... Rc8 $8
14. Rd1 {/\ Nd5} Be6 15. Na4 Nc4 (15... Bc7 $1 {[%csl Ya4] פa4} 16. Ba1 Qe7 $5
$13) 16. Bxc4 Rxc4 17. Nxb6 axb6 18. Qb2 $1 $14 {Ruban,V (2320)-Makarov,M 
(2370)/USSR 1987}) 12... Be6 13. Rd1 Qe7 14. Qb1 Nc6 15. O-O {is a safe way of
maintaining the better chances. Generally, White has only made useful moves,
having lost just one tempo (Qb3-a2-b1 instead of Qc2-b1). We cannot say the
same thing about Black, who has lost several tempi (Nc6-a5-c6, Bf5-e6).} a6 (
15... h6 16. Ne5 Bd6 17. Nxc6 bxc6 18. Bxd6 Qxd6 19. Qc2 a5 20. Na4 Rfb8 21. h3
Bd7 22. Nc5 Be8 23. Rd2 Nd7 24. Rc1 Nxc5 25. Qxc5 Qxc5 26. Rxc5 Rb6 27. Bf3 Kf8
28. e4 dxe4 29. Bxe4 $14 {A typical ending with stable advantage for White,
because of the black queen side weaknesses. 1-0 Chekhov,V (2480)-Timoscenko,G 
(2455)/Frunze 1988/TD (77)}) 16. Ne5 Rfd8 17. Nxc6 bxc6 18. Qc2 Bg4 19. Bg5
Bxe2 20. Nxe2 Bd6 21. Nd4 Rdc8 22. Rc1 c5 23. Nf5 (23. Rfd1 $1 Qb7 {/\cxd4} 24.
Nf5 $14) 23... Qe6 24. Bxf6 gxf6 $2 (24... Qxf6 25. Rfd1 g6 26. Nxd6 Qxd6 27.
Qc4 Qxh2+ 28. Kxh2 dxc4 29. Rxc4 Rab8 30. Rd2 $14) 25. Nxd6 (25. Rfd1 $5) 25...
Qxd6 26. Rfd1 Qe6 27. Qd3 Rab8 28. Rc2 Qe4 29. Qxe4 dxe4 30. g3 a5 31. Rd6 Kg7
32. Ra6 Rb5 33. a4 $16 {1-0 Chekhov,V (2480)-Kotronias,V (2505)/Moscow 1989/
CBM 014 (54)}) ({From the previously played moves, more consistent is} 10...
Be6 {consolidating the d5-square and preparing an eventual break of the centre
with ...c5.} 11. Rd1 {looks to be the most efficient way of crossing Black's
intentions:} (11. Be2 {doesn't cross Black's plans:} c5 12. Rd1 Ne4 (12... c4
$5) 13. Nxe4 dxe4 14. d5 Bg4 15. Nd2 Bxe2 16. Kxe2 Qd7 $132 {1/2-1/2
Timoscenko,G (2455)-Kruppa,Y (2435)/Frunze 1988/TD (30)}) (11. Ng5 {is not
contributing to White's development and allows Black obtain active play:} Nh5
12. Nxe6 fxe6 13. Bg3 c5 14. dxc5 Bxc5 15. Be2 Qf6 16. Nd1 Nxg3 17. hxg3 Bb6
18. Rc1 Nc6 19. b4 Rad8 $15 {1/2-1/2 Kharlov,A (2593)-Belozerov,A (2552)/Tomsk
2004/CBM 102 (103)}) 11... Ne4 ({One year later, in a game played between the
same opponents, Black deviated with} 11... c6 12. Bd3 Nc4 {but after} 13. Ng5
Bg4 14. f3 Bd7 15. Bxc4 dxc4 16. Qxc4 Nh5 17. Nge4 Nxf4 18. exf4 Qb6 19. Rd2
Be6 20. Qd3 h6 21. O-O Rad8 22. Re1 $14 {failed to obtaientirely adequate
compensation for the sacrificed pawn, 1-0 Flear,G (2489)-Korneev,O (2572)/Vila
Real 2001/EXT 2002 (42)}) (11... c5 $6 12. dxc5 $14 d4 $2 13. Qb1 $16) 12. Nb5
(12. Bd3 $5 {might be the kind of improvment Korneev was afraid of}) 12... Nd6
13. Nxd6 Bxd6 14. Bxd6 Qxd6 15. h3 Bf5 16. b4 Nc6 17. Be2 a6 18. O-O Ne7 19.
Bd3 Bxd3 20. Rxd3 c6 21. Qb3 Nc8 22. a4 Qd8 23. b5 cxb5 24. axb5 a5 25. Rc1 Nb6
$132 {1/2-1/2 Flear,G (2480)-Korneev,O (2619)/Nice 2000/EXT 2002 (62)}) 11. b4
{This tempting advance of the b-pawn will cause White some additional loss of
time and offer Black a clear mark for counterplay.} ({With the bishop on f5
still,} 11. Rd1 {is less favourable because of} Bc2 12. Rc1 Bb3 $132) ({
In the next game of the same mini-match, White deviated with} 11. Ne5 {. The
game is annotated for this same issue of CBM.}) ({However, I do not know what
Black had in mind against the natural} 11. Be2 {since} b5 {/\Nc4 looks too
commital.}) 11... Nc6 12. Rc1 ({White probably feared that in case of the
generally desirable} 12. Be2 {Black could change the character of the position
with} Bxb4 13. axb4 Nxb4 14. Qb2 Nc2+ 15. Kf1 Nxa1 16. Qxa1 Ne4 $13) 12... Na7
$1 {The start of an efficient regroupment, aiming to conquer the b5-square for
the knight.} 13. Na4 c6 14. Nc5 Qb6 15. Be2 a5 16. Qb2 axb4 17. axb4 Nb5 18.
Ne5 Rfe8 19. O-O Nd6 $6 {Black should probably have avoided unblocking the
b-pawn.} (19... Ne4 $5 {looks like a better continuation.}) 20. g4 Bc8 21. f3
Qd8 22. Ra1 Rxa1 23. Rxa1 Nd7 24. Qb3 Nb6 25. b5 $14 {It seems to me that
White should have played on.} (25. b5 cxb5 26. Bxb5 Nxb5 27. Qxb5 Bd6 28. Rb1
$14) 1/2-1/2

[Event "Mataro GM 1st"]
[Site "Mataro"]
[Date "2005.01.05"]
[Round "9"]
[White "Comas Fabrego, Luis"]
[Black "Gonzalez Garcia, Jose"]
[Result "1-0"]
[WhiteElo "2509"]
[BlackElo "2447"]
[Annotator "Marin,M"]
[PlyCount "93"]
[EventDate "2004.12.26"]
[EventType "tourn"]
[EventRounds "9"]
[EventCountry "ESP"]
[EventCategory "9"]
[SourceTitle "CBM 106"]
[Source "ChessBase"]
[SourceDate "2005.06.06"]
[SourceVersion "1"]
[SourceVersionDate "2005.06.06"]
[SourceQuality "1"]

1. d4 d5 2. c4 e6 3. Nc3 Nf6 4. cxd5 exd5 5. Bg5 c6 6. e3 Nbd7 7. Bd3 Bd6 $5 {
A rather provocative move. Black ignores the pin and hopes to obtain
counterplay at an earlier stage than in the "ortodox" lines. Generally, theory
considers the whole line to be dubious, but in practice things are not always
that simple.} 8. Nf3 Nf8 9. Ne5 Qe7 {This is the newest fashion. In order to
consolidate his central knight, White has to commit himself to the advance of
the f-pawn.} (9... Ng6 10. f4 Qb6 11. Qc2 O-O 12. Bxf6 gxf6 13. Nf3 Re8 14. Kf2
Bg4 15. Rhe1 Rac8 16. g3 Kg7 17. Rac1 Qd8 18. Bf5 Bxf3 19. Kxf3 Rc7 20. a3 Rce7
21. Rcd1 $14 {1-0 Karpov,A-Ricardi,P/Buenos Aires 2001/CBM 085 (44)}) (9... Qb6
10. O-O Bxe5 11. dxe5 Ng4 12. Qa4 Qxb2 13. Rac1 Bd7 14. Qd4 f6 15. exf6 gxf6
16. Bxf6 Rg8 17. Nb5 Qxb5 18. Bxb5 Ne6 19. Qb2 cxb5 20. Bh4 {1-0 Jussupow,
A-Nogueiras,J/Montpellier 1985/Candidates}) 10. f4 h6 11. Bh4 g5 12. Bg3 {
This looks like the more active retreat.} ({However, in view of the
possibility of h6-h5-h4, the more modestly looking} 12. Bf2 {makes some sense.
In practice, White has been generally succesful with it.} Rg8 (12... Ne6 13.
O-O Rg8 14. Qf3 Ng7 15. e4 $36 {1-0 Izoria,Z-Gagunashvili,M/Tbilisi 2000/EXT
2004 (37)}) 13. O-O Bxe5 $2 14. fxe5 Ng4 15. e4 $40 {1-0 Baburin,A-Fressinet,L/
Andorra 1998/EXT 2003 (29)}) 12... gxf4 {This is the prelude to a manoeuvre
aimed to win material.} ({I believe that the critical continuation is} 12... h5
{for instance} 13. O-O (13. fxg5 Ng4 $132) 13... h4 14. Bf2 h3 15. g3 Rg8 $132
{0-1 Pavlovic,M-Vojinovic,G/Dimitrovgrad 2003/CBM 093 ext (36)}) 13. exf4 Ng4
14. O-O $1 Ne3 15. Qa4 $1 $146 {A powerful novelty. Previously 15.Qh5 had been
played, but the pressure along the a4-e8 line seems to be more effective than
that along the h5-e8 diagonal.} (15. Qh5 Bxe5 (15... Nxf1 $2 16. Bh4 $1 Qc7 17.
Nxd5 $1 cxd5 18. Bb5+ $18) 16. dxe5 Nxf1 17. Rxf1 Rg8 $13 {1-0 Relange,E-Prie,
E/Clichy 1995/CBM 051 ext (34)}) 15... Nxf1 16. Rxf1 $44 {/+/-} ({Although
White maintains a very strong attack after this natural move, the more
straigghforward} 16. Nxd5 $1 {also deserves attention, for instance} Qe6 (16...
Qd8 17. Nxc6 Bd7 18. Re1+ Ne6 19. Rxe6+ fxe6 20. Bg6+ Kf8 21. Nxd8 $1 $18 Bxa4
$2 22. Nxe6+ Kg8 23. Nf6#) 17. Kxf1 $3 {[%cal Rd4g1]} (17. Rxf1 Qxd5 18. Bc4
Qxd4+ {[%csl Yg1]}) 17... Qxd5 18. Bc4 Qe4 19. Re1 $40) 16... Bxe5 (16... Nd7
$5 17. Re1 $40) 17. Re1 $1 {[%cal Ye1e8] (White is not interested in closing
the e-file, of course.)} b5 (17... Nd7 18. Nxd5 $16) 18. Nxb5 $1 cxb5 19. Bxb5+
Bd7 20. Rxe5 Ne6 21. f5 Rd8 22. fxe6 fxe6 23. Bxd7+ Rxd7 24. Qa6 (24. Qc6 $5
Kf7 25. Re3 $16 {[%cal Rg3e5,Re3f3]}) 24... Rd6 25. Qc8+ Rd8 26. Qxe6 Qxe6 27.
Rxe6+ Kf7 28. Ra6 Rd7 29. Be5 Rc8 30. Rxh6 Rc1+ 31. Kf2 Rc2+ 32. Kf3 Rxb2 33.
g4 Rxa2 34. g5 Rd8 35. h4 Rc8 36. Rd6 Rf8 37. Kg4 a5 38. Rxd5 a4 39. Rd7+ Ke6
40. Rd6+ Ke7 41. Ra6 Kf7 42. g6+ Kg8 43. h5 Rg2+ 44. Bg3 Rd8 45. h6 Rxd4+ 46.
Kf3 Rxg3+ 47. Kxg3 1-0

[Event "Norway Chess 4th"]
[Site "Stavanger"]
[Date "2016.04.27"]
[Round "7"]
[White "Carlsen, Magnus"]
[Black "Kramnik, Vladimir"]
[Result "1-0"]
[WhiteElo "2851"]
[BlackElo "2801"]
[Annotator "Marin,M"]
[PlyCount "99"]
[EventDate "2016.04.19"]
[EventType "tourn"]
[EventRounds "9"]
[EventCountry "NOR"]
[EventCategory "21"]
[SourceTitle "CBM 172"]
[Source "ChessBase"]
[SourceDate "2016.05.12"]
[SourceVersion "1"]
[SourceVersionDate "2016.05.12"]
[SourceQuality "1"]

1. d4 d5 2. c4 e6 3. Nc3 Nf6 4. cxd5 exd5 5. Bg5 c6 6. e3 Bf5 7. Qf3 Bg6 8.
Bxf6 Qxf6 9. Qxf6 gxf6 {Kramnik had played this strategically slightly risky
variation before. Since the Berlin Ruy Lopez is his main weapon against 1.e4,
it is no great wonder that against 1.d4 he does not have doubled pawns either.
But on the other hand the pawns are less compact here and secondly accepting
weaknesses against a subtle positional player like Carlsen looks a bit like
waving a red flag in the front of a bull.} 10. Nf3 Nd7 11. Nh4 Be7 {This is
the main line, preparing to meet f2-f4 with ...f7-f5.} (11... Nb6 12. f4 f5 13.
Bd3 Nc4 14. Bxc4 dxc4 15. a4 $14 {1/2-1/2 (31) Williams,S (2439)-Hawkins,J 
(2563) London 2015}) (11... O-O-O $6 12. f4 h5 13. Kf2 Re8 14. f5 Bh6 15. fxg6
Bxe3+ 16. Kf3 Bxd4 17. g7 Rhg8 18. Nf5 $18 {Bareev,E (2636)-Gorman,D (2289)
Philadelphia 2009 (1-0, 40)}) 12. Ne2 $5 $146 {An early novelty connected with
a deep regrouping plan. Actually the last move is logical since it prepares to
invade f5 before Black carries out the standard knight manoeuvre to d6.} ({
Kramnik's previous games went} 12. g3 Nb6 13. O-O-O (13. Kd2 Nc8 14. Bd3 Nd6
15. b3 O-O-O 16. f3 Rhe8 17. Rac1 Kb8 18. Ne2 Nc8 19. Nf4 Bb4+ 20. Ke2 Nd6 21.
g4 Re7 $11 {Ivanisevic,I (2653)-Kramnik,V (2777) Berlin 2015 (0-1, 53)}) 13...
Nc8 14. Bd3 Nd6 15. Kc2 Kd7 16. f3 Bxd3+ 17. Kxd3 f5 18. Ng2 h5 19. h4 Rag8 20.
Rh3 Ne8 21. Ke2 Bd6 22. Kf2 Nf6 23. Ne2 a5 $11 {Ding,L (2730)-Kramnik,V (2760)
Moscow 2014 (1/2-1/2, 41)}) 12... Nb6 {Since the knight will not reach d6 in
time, this move is now connected woth a queenside plan which will prove
illusory, though.} (12... f5 13. g3 Nb6 14. Nf4 Nc8 15. f3 Nd6 16. Bd3 $14 {
[%cal Ge1f2,Gh1c1,Gb2b4,Ga2a4] /\ Kf2, b4}) ({I have tried making work the
break ...c6-c5 by transferring the knight to e6, but this does not seem to be
entirely satisfactory either:} 12... Bb4+ 13. Kd1 O-O-O 14. Ng3 Nf8 15. Ngf5
Ne6 16. Bd3 Ba5 17. Ke2 (17. Kc2 c5 {[%cal Gg6c2]}) 17... Rhe8 18. g3 Bb6 19.
Rad1 Kb8 {[%cal Ge6d4]} (19... Bh5+ 20. f3 Nxd4+ 21. Nxd4 Bxd4 22. Bf5+ $1 $18)
20. Kf1 (20. b4 Bh5+ 21. f3 Nxd4+) 20... c5 21. dxc5 Nxc5 (21... Bxc5 22. Kg2
d4 23. e4 $14) 22. Kg2 (22. Bc2 Ne6 23. Kg2 d4 24. e4 $6 Nc5 $36) 22... Nxd3
23. Rxd3 Re5 24. g4 (24. Nxg6 hxg6 25. Nd4 Re4) 24... h5 25. h3 $14) 13. Ng3
$14 Bb4+ (13... Nc8 14. f4 $16 h6 15. f5 {leaves the light-squared bishop out
of play for the rest of the game.}) 14. Kd1 Na4 15. Ngf5 $1 {During the game I
was not sure about the meaning of this regrouping. At first sight, the knights
are clumsily placed, being neutralised by one bishop. Everything became clear
a few moves later.} Kd7 (15... Nxb2+ 16. Kc2 Nc4 17. Bxc4 dxc4 18. Rhb1 $16)
16. Rb1 Ke6 $6 {As it turns out in the game, the king is exposed on e6.} (16...
Rhc8 $5 17. Bd3 Bf8 (17... Bd6 18. Ke2 a6 19. g4 c5 20. Nxd6 Kxd6 21. Nf5+ $16)
18. Ke2 a6 19. g4 c5 20. Ng2 Bd6 21. h4 (21. Nxd6 Kxd6 22. Nh4 {would
practically lose a tempo over the previous line.} cxd4 23. exd4 Rc6) 21... h5
22. f3 Rc6 23. gxh5 Bxh5 24. Nxd6 Kxd6 25. Nf4 Rh8 26. Bc2 Nb6 27. dxc5+ Rxc5
28. Bb3 $14) 17. Bd3 Rhc8 18. Ke2 Bf8 19. g4 c5 $6 {This only creates new
weaknesses and no counterplay at all.} (19... Kd7 $5) 20. Ng2 $3 $16 {[%cal
Gh2h4,Gg2f4] The core of Carlsen's whole opening plan. Suddenly Black loses
stability in several sectors of the board.} cxd4 21. exd4 Bd6 {[%csl Gf4]} 22.
h4 h5 $2 {This loses a pawn leading to a hopeless position.} ({But it is
virtually impossible to decide upon a passive move like} 22... Rh8 $8 {[%csl
Gh7] defending the h7-pawn.} 23. h5 Bxf5 24. Bxf5+ Ke7 25. Ne3 Nb6 26. Kf3 h6
27. Rhe1 Kd8 28. Rbc1 $16 {Black's position looks awful, but White still needs
to prove he has a winning plan.}) 23. Ng7+ Ke7 24. gxh5 Bxd3+ 25. Kxd3 $18 {
The control over the f5-square and the threatening h-pawns make Black's
position hopeless.} Kd7 26. Ne3 Nb6 27. Ng4 $5 {Even though one of the knights
belongs to f5, Carlsen's "rodeos" are impressive at least optically.} Rh8 28.
Rhe1 {Playing cat and mouse a bit.} ({There was nothing wrong with} 28. Nxf6+
Ke7 29. Ng4) 28... Be7 29. Nf5 Bd8 30. h6 Rc8 31. b3 {[%csl Gb6]} Rc6 32. Nge3
Bc7 33. Rbc1 Rxc1 34. Rxc1 Bf4 35. Rc5 Ke6 36. Ng7+ Kd6 37. Ng4 Nd7 38. Rc2 f5
{A desperate move, which loses a pawn for nothing.} (38... a6 39. Re2 {[%cal
Ge2e8]}) (38... Ke7 39. Re2+ Kd8 40. Re8+ $5 (40. Nf5 $18) 40... Rxe8 41. Nxe8
Bxh6 42. Nexf6 Nxf6 43. Nxf6 $18 {[%csl Gd5]}) 39. Nxf5+ Ke6 40. Ng7+ {[%csl
Gf5,Gf6] As we see, 38...f5 did not clear space for the black king at all.} Kd6
41. Re2 Kc6 42. Re8 Rxe8 (42... Rh7 43. Nf5 {[%csl Gh7]}) 43. Nxe8 Nf8 44. Ne5+
Bxe5 45. dxe5 Kd7 46. Nf6+ Ke6 47. h5 Kxe5 48. Nd7+ Nxd7 49. h7 Nc5+ 50. Ke2 {
A fantastic game by Carlsen and the ugliest defeat of Kramnik I can remember.}
1-0

[Event "Tata Steel-A 74th"]
[Site "Wijk aan Zee"]
[Date "2012.01.24"]
[Round "9"]
[White "Ivanchuk, Vassily"]
[Black "Giri, Anish"]
[Result "1-0"]
[WhiteElo "2766"]
[BlackElo "2714"]
[Annotator "Marin,M"]
[PlyCount "113"]
[EventDate "2012.01.14"]
[EventType "tourn"]
[EventRounds "13"]
[EventCountry "NED"]
[EventCategory "21"]
[SourceTitle "CBM 147"]
[Source "ChessBase"]
[SourceDate "2012.03.16"]
[SourceVersion "1"]
[SourceVersionDate "2012.03.16"]
[SourceQuality "1"]

1. d4 d5 2. c4 e6 3. Nc3 Be7 4. Bf4 Nf6 5. e3 O-O 6. Rc1 c5 7. dxc5 {There is
not too much theory in this position and one may find it difficult to find
one's way among apparently equivalent continuations. Black is in no immediate
danger, but has not a clear way to equalising either.} Qa5 ({The natural} 7...
Bxc5 {has been played in a few games between great champions from different
eras.} 8. cxd5 exd5 9. Nf3 Nc6 10. Be2 (10. Bd3 {plays into Black's hands,
since it reduces the pressure along the d-file.} d4 $11 {Steinitz,W-Lasker,E/
St Petersburg 1895/HCL (0-1, 39)}) 10... d4 {This seems to more or less
equalise here, too.} (10... Be6 {as played in Kortschnoj,V (2650)-Kasparov,G 
(2740)/Brussels 1986/CBM 001 (1/2, 24) leaves White some hopes for an
advantage.}) 11. exd4 Nxd4 12. Nxd4 Qxd4 13. Qxd4 Bxd4 14. Nb5 Bb6 15. O-O Be6
16. a3 Rfd8 17. Nd6 Rd7 18. Bb5 Re7 19. Rfe1 {1/2 Kasparov,G (2740)-Karpov,A 
(2700)/Seville 1987/MainBase/[Bulletin]. White's advantage is more of a
symbolic nature.}) 8. Nf3 Rd8 (8... Bxc5 9. Nd2 Be7 10. Nb3 Qd8 11. cxd5 Nxd5
12. Nxd5 exd5 13. Bd3 Nc6 14. O-O Bf6 {Volodin,A (2495)-Ehlvest,J (2594)/
Puhajarve 2011/CBM 145 Extra (1/2, 18)}) 9. Qc2 (9. Bd6 {places the bishop
under a pin:} dxc4 10. Bxc4 Ne4 11. O-O Nxd6 12. cxd6 Bxd6 13. Qb3 Nc6 14. Rfd1
Be7 {Anand,V (2811)-Kramnik,V (2800)/Moscow 2011/CBM 146 (1/2, 36). Black
equalised soon.}) 9... Nc6 (9... dxc4 $6 {speeds up White's development.} 10.
Bxc4 Qxc5 11. Bb3 b5 12. O-O Bb7 13. Qe2 $1 $16 {Larsen,B-Kuijpers,F/Beverwijk
1967/MCD (1-0, 32)}) 10. a3 h6 11. Be2 {All the preparatory moves have been
played and White cannot delay this anymore.} dxc4 {Now there is no
contra-indication for this, especially since there are no obvious alternatives.
} 12. Nd2 $1 {The only way to maintain some initiative in a symmetrical
position.} Qxc5 13. Nxc4 Qf5 14. Bf3 $6 {Active but careless.} (14. Qxf5 exf5
15. O-O Be6 $11 {offers Black easy play.}) (14. Bg3 $5 {would allow White
maintain his slight lead in development.} Qxc2 15. Rxc2 Bd7 16. O-O Be8 {
Black has no weaknesses and can hope to equalise gradually.}) 14... Nd4 $1 {
[%csl Gf4] White cannot even dream of an advantage now.} 15. Qxf5 Nxf3+ 16.
gxf3 exf5 17. Rg1 Kf8 18. Nb5 Ne8 {Despite White's seeming activity, Black's
position looks nicer already because of his bishop pair and better structure.}
19. Ke2 g5 20. Be5 f6 21. Bc3 Bd7 22. Nd4 Rac8 23. Bb4 Bxb4 24. axb4 Ke7 25.
Rgd1 f4 26. b3 fxe3 27. fxe3 Be6 28. Ra1 a6 29. Ra5 Bxc4+ {With a white knight
on d4 controlling the weak f5-square, I would rather refrain from this
exchange.} (29... Nd6 $5) 30. bxc4 Nd6 31. c5 Nc4 32. Ra2 Kf7 33. c6 {White
has some very slight initiative at last.} Rc7 $2 {A careless move, allowing
two different tactical blows with the same idea.} (33... bxc6) 34. Ne6 (34. Nb5
$5) 34... Rxd1 35. Nxc7 Rb1 36. b5 $1 {Black's situation becomes critical now.}
Nd6 (36... axb5 $2 37. cxb7 $18) 37. bxa6 bxa6 38. e4 (38. Rxa6 Rc1 39. Nd5 f5
40. c7 Ke6 41. e4 $16) 38... f5 39. e5 (39. Nd5 $5 $16) 39... Nb5 40. Nxb5 Rxb5
41. Kd3 {Ivanchuk did not mind the exchange of knights. In fact, knights can
be tricky in the endgame, requiring a very accurate technical execution. In
the rook ending, the possibility of placing one's own rook behind the passed
pawn ensures an obvious advantage. If there is no win, too bad, but Black has
to suffer without any possibility of counterplay.} Ke6 ({If} 41... Rc5 $2 42.
Rc2 Rxc2 43. Kxc2 Ke6 44. Kd3 $18 {Black's candidates for promotion are too
slow:} h5 45. Kd4 g4 46. fxg4 fxg4 47. Kc5 a5 48. Kb6) 42. Rc2 Rb8 43. Kd4 h5
44. c7 Rc8 45. Rc6+ Kd7 46. Rh6 Rxc7 47. Rxh5 Rb7 $2 {Probably overlooking the
52nd move.} (47... Rc1 48. Rxg5 Rd1+ 49. Ke3 Ke6 50. f4 $16) 48. Rh7+ Kc8 49.
Rh8+ Kd7 50. Rh7+ Kc8 51. Rxb7 $1 Kxb7 {This ending is not easy to evaluate
and one may think that it is doube edged.} 52. f4 $1 $18 {Not after this move
anymore!} (52. e6 $2 Kc7 53. Ke5 Kd8 54. Kxf5 a5 $19) 52... gxf4 (52... g4 53.
e6 $1 {With the insertion of the previous moves, White wins, since the f-pawn
will be free to advance.} Kc8 54. Ke5 Kd8 55. Kxf5 a5 56. Kf6 Ke8 57. e7 a4 58.
Ke6 $18 {[%cal Gf4f7]}) 53. h4 a5 54. e6 Kc7 55. h5 a4 56. e7 Kd7 57. h6 1-0